• 首页
  • 本馆介绍
  • 公告通知
  • 最新文献
  • 馆藏检索
  • 电子资源
  • 读者导购
  • 参考咨询
  • 我的图书馆
  • 登录
  • 详细信息显示
  • 放入我的书架
  • 预约/预借图书
  • 作者相关作品
  • 分类相关作品
  • 丛书相关作品
  • 出版社相关作品

书目信息

  • 表格格式
  • 工作单格式
  • 卡片格式
题名:
教师政策
    
 
作者: 杜晓利 著
分册:  
出版信息: 上海   上海教育出版社  2012.01
页数: 341页
开本: 24cm
丛书名: 教育政策研究丛书
单 册:
中图分类: G510
科图分类:
主题词: 教师--教育政策--研究--世界 , 教师 , 教育政策
电子资源:
ISBN: 978-7-5444-3702-8
000 00844oam2 2200277 45
001 1355683593
005 20130515150146.46
010    @a978-7-5444-3702-8@dCNY56.00
100    @a20130108d2012 em y0chiy50 ea
101 0  @achi
102    @aCN@b310000
105    @ak z 000yy
106    @ar
200 1  @a教师政策@AJiao Shi Zheng Ce@f杜晓利著@FDu Xiao Li Zhu
210    @a上海@c上海教育出版社@d2012.01
215    @a341页@d24cm
225 2  @a教育政策研究丛书
330    @a本书共6章,内容包括:教师政策的相关问题、教师资格认证政策、教师聘伤政策、教师教育政策、中小学教师工资政策等。
461  0 @12001 @a教育政策研究丛书
606 0  @a教师@x教育政策@x研究@y世界
606 0  @a教师
606 0  @a教育政策
690    @aG510@v5
701  0 @a杜晓利@ADu Xiao Li@4著
801    @aCN@bTANGWEI@c20130112
905    @b0831517-21@dG510@e75@f5
    
    教师政策/杜晓利著.-上海:上海教育出版社,2012.01
    341页;24cm.-(教育政策研究丛书)
    
    
    ISBN 978-7-5444-3702-8:CNY56.00
    本书共6章,内容包括:教师政策的相关问题、教师资格认证政策、教师聘伤政策、教师教育政策、中小学教师工资政策等。
●
相关链接 在E读中查询图书 在五车中查询图书 在当当中查询图书 在豆瓣中查询图书


正题名:教师政策     索取号:G510/75         预约/预借

序号 登录号 条形码 馆藏地/架位号 状态 备注
1 0831517   208315170   第一样本阅览室/ [索取号:G510/75] 在馆    
2 0831518   208315189   教育系资料室/ [索取号:G510/75] 在馆    
3 0831519   208315198   教育系资料室/ [索取号:G510/75] 在馆    
4 0831520   208315205   教育系资料室/ [索取号:G510/75] 在馆    
5 0831521   208315214   第四借阅区/ [索取号:G510/75] 在馆    
唐山师范学院图书馆 欢迎您!
大连网信软件有限公司© 版权所有